[Event "XXXII Belgrade Trophy 2018"]
[Site "Belgrade"]
[Date "2018.11.30"]
[Round "7"]
[White "Pastar, Slaven"]
[Black "Atakisi, Umut"]
[Result "1-0"]
[WhiteElo "2326"]
[BlackElo "2398"]
[Annotator "TA"]
[PlyCount "101"]
[EventDate "2018.11.24"]
[EventType "swiss"]
[EventCountry "SRB"]
[SourceTitle "playchess.com"]
[Source "ChessBase"]
[SourceQuality "1"]

{[%evp 24,101,10,14,7,0,0,0,0,0,0,0,0,0,0,0,0,0,0,-14,-20,-12,0,-132,0,0,0,0,0,0,0,22,59,46,36,11,12,0,195,7,214,214,305,300,317,297,288,276,690,640,561,424,480,464,677,288,291,0,264,0,636,410,924,918,897,883,869,869,867,866,768,729,694,692,6311,6215,1891,1793,994,847]} 1. e4 c5 2. Nc3 Nc6 3. f4 g6 4. Nf3 Bg7 5. Bb5 Nd4 6. O-O Nxb5 7. Nxb5 d5 8. e5 d4 {B23: Closed Sicilian: Lines without g3} 9. c3 a6 10. Na3 b5 11. cxd4 cxd4 12. d3 Nh6 {[%cal Bg8h6,Bh6f5,Bf5e3][%mdl 32]} 13. Nc2 {LiveBook: 3 Games} Nf5 14. g4 Ne3 15. Bxe3 dxe3 16. Nxe3 {[#]} Bb7 $146 17. d4 O-O 18. Qd3 Qb6 19. Rad1 Rad8 20. Kg2 f6 21. Kg3 fxe5 22. Qb3+ Kh8 23. fxe5 (23. Nxe5 $11 e6 24. h4) 23... Bxf3 (23... Bh6 $17 {Hoping for ...Bf4+.} 24. h4 Bf4+ 25. Kh3 h5) 24. Rxf3 $11 Rxf3+ 25. Kxf3 Qb7+ (25... Rxd4 26. Nd5 $16) 26. Ke2 $1 Qe4 27. Qf7 Rf8 28. Qd5 Qf4 29. Qg2 h5 ({But not} 29... Bh6 $6 30. Nd5 $16) 30. gxh5 gxh5 $2 {[#]} (30... Bh6 $11 31. Qg3 Qe4 32. hxg6 Kg7) 31. Qh3 $2 (31. Nd5 $18 Qf7 32. Rf1) 31... Qf2+ $2 (31... h4 $1 $11 {and Black has nothing to worry.} 32. Rf1 Qxd4 33. Rxf8+ Bxf8) 32. Kd3 $18 Qf7 (32... Bh6 {keeps fighting.} 33. Rf1 Qxb2 34. Rxf8+ Bxf8) 33. Rf1 Qg6+ 34. Rf5 Kg8 35. Qxh5 Qg1 $2 (35... Qxh5 36. Rxh5 e6) 36. Rxf8+ Kxf8 37. Qf5+ Kg8 {If only Black now had time for ...Qb1+....} 38. Qe6+ Kf8 (38... Kh7 $142 39. Qxe7 Qb1+ 40. Nc2 Qxa2 41. Qh4+ Kg8) 39. Qc8+ (39. Nf5 $142 Qf1+ 40. Kc3 Qe1+ 41. Kb3) 39... Kf7 40. Qf5+ Kg8 $1 41. Qe6+ $2 (41. e6) 41... Kf8 $1 42. Nf5 Qd1+ {[#]} (42... Qb1+ $142 43. Kc3 b4+ 44. Kb3 Qd3+ 45. Kxb4 Qb5+ 46. Ka3 Qa5+ 47. Kb3 Qb5+ 48. Ka3 Qa5+ 49. Kb3 Qc7 50. Qxa6 Qb8+ 51. Ka3 Kf7 52. Qc4+ e6 53. Nd6+ Ke7) 43. Kc3 $1 {White is clearly winning.} Qe1+ 44. Kb3 Bf6 45. Qc8+ Kf7 46. exf6 Qd1+ 47. Qc2 Qf3+ 48. Kb4 a5+ 49. Kxa5 Qa8+ 50. Kb4 Kxf6 51. Ne3 {Accuracy: White = 52%, Black = 54%.} 1-0

[Event "XXXII Belgrade Trophy 2018"]
[Site "Belgrade"]
[Date "2018.11.30"]
[Round "7"]
[White "Zivkovic, Marko"]
[Black "Radovanovic, Mihajlo"]
[Result "0-1"]
[WhiteElo "2302"]
[BlackElo "2466"]
[Annotator "TA"]
[PlyCount "84"]
[EventDate "2018.11.24"]
[EventType "swiss"]
[EventCountry "SRB"]
[SourceTitle "playchess.com"]
[Source "ChessBase"]
[SourceQuality "1"]

{[%evp 14,84,37,22,29,18,15,0,-1,-25,-31,-20,-14,-15,-10,-29,-16,-14,-10,-24,-11,-27,-33,-58,-68,-64,-74,-93,-92,-99,-98,-83,-71,-77,-74,-178,-175,-304,-130,-192,-23,-25,-14,-14,-16,-385,-352,-768,-738,-833,-824,-833,-833,-833,-693,-1055,-456,-428,-403,-854,-843,-833,-833,-812,-796,-29976,-29977,-29977,-29977,-29971,-29973,-29963,-29964]} 1. d4 d6 2. Nf3 g6 3. e4 Bg7 4. Nc3 Nf6 5. Be2 O-O 6. O-O a6 7. a4 Nc6 8. Re1 {LiveBook: 3 Games. B08: Pirc Defence: Classical System} (8. h3 e6 9. Be3 b6 10. e5 dxe5 11. Nxe5 Bb7 12. Bf3 Nd5 13. Nxd5 exd5 14. Nxc6 Bxc6 15. a5 b5 16. Qd2 Re8 17. Bf4 Bb7 {½-½ (30) Svidler,P (2760)-Dubov,D (2701) Moscow 2018}) 8... e5 9. dxe5 dxe5 10. Qxd8 $146 {The position is equal.} ({Predecessor:} 10. Bg5 Be6 11. Nd5 Bxd5 12. Bxf6 Qxf6 13. Qxd5 Rfd8 14. Qb3 Rab8 15. Rad1 Nd4 16. Nxd4 Rxd4 17. Rxd4 exd4 {1-0 (46) Kuderinov,K (2451)-Rohan,A (2031) Bangkok 2014}) 10... Rxd8 11. Bg5 Be6 12. Red1 Nd4 13. Nxd4 exd4 14. Nb1 h6 15. Bxf6 $1 Bxf6 16. Nd2 c5 17. Bc4 {[#]} b5 $1 $36 {[%mdl 2560] Black has the initiative.} 18. axb5 Bxc4 19. Nxc4 axb5 20. Nb6 Rxa1 21. Rxa1 $17 {[%mdl 4096] Endgame KRB-KRN} d3 22. c3 Be5 23. g3 f5 24. f4 (24. f3 $17 {was the only chance.}) 24... Bb8 $1 $19 ({Inferior is} 24... fxe4 25. fxe5 e3 26. Kf1 $11) 25. exf5 (25. c4 $142 fxe4 26. cxb5) 25... c4 ({Stronger than} 25... gxf5 26. c4 $11) (25... Bc7 $19 {and Black stays clearly on top.} 26. Na8 Ba5 $1 {[%mdl 512]} 27. fxg6 Rxa8) 26. Kf1 (26. fxg6 $17 {is a better defense.} d2 27. Rd1) 26... gxf5 $2 (26... Bc7 $19 27. Na8 Ba5 $1 {[%mdl 512]} 28. Rxa5 d2) 27. Ke1 $11 Bc7 28. Ra6 h5 (28... Rd6 $5 29. Ra8+ $8 Kf7 $11) 29. Kd2 $2 {[%mdl 8192] [#]} (29. h4 $1 $11) 29... h4 $1 $19 30. Nxc4 $2 (30. Na8 Bd6 31. Ke1) 30... bxc4 {KRB-KR} 31. Rc6 Rd7 32. Rxc4 Bb6 33. Rc8+ Kg7 34. Re8 h3 (34... Bg1 $142 35. gxh4 Bxh2) 35. Re1 Kf6 36. b4 {[#]} (36. Rf1 $142 Ke6 37. Ra1) 36... Re7 $1 {[%cal Re7e1]} 37. Rh1 Re2+ 38. Kxd3 Rg2 39. c4 Rg1 {Black mates.} ({Less strong is} 39... Bg1 40. c5 $17) 40. Rxg1 Bxg1 41. Ke2 Bxh2 42. Kf2 Ke6 {Accuracy: White = 26%, Black = 61%.} 0-1

[Event "XXXII Belgrade Trophy 2018"]
[Site "Belgrade"]
[Date "2018.11.30"]
[Round "7"]
[White "Dimitrijeski, Boris"]
[Black "Gunduz, Umut Erdem"]
[Result "0-1"]
[WhiteElo "2232"]
[BlackElo "2205"]
[Annotator "ChessBase"]
[PlyCount "84"]
[EventDate "2018.11.24"]
[EventType "swiss"]
[EventCountry "SRB"]
[SourceTitle "playchess.com"]
[Source "ChessBase"]
[SourceQuality "1"]
[TimeControl "40/5400+30:900+30"]

1. d4 {[%emt 0:00:00]} Nf6 {[%emt 0:00:00]} 2. c4 {[%emt 0:00:00]} c5 {[%emt 0:00:00]} 3. d5 {[%emt 0:00:00]} e6 {[%emt 0:00:00]} 4. Nc3 {[%emt 0:00:00]} exd5 {[%emt 0:00:00]} 5. cxd5 {[%emt 0:00:05]} d6 {[%emt 0:00:00]} 6. Nf3 {[%emt 0:00:09]} g6 {[%emt 0:00:06]} 7. Qa4+ {[%emt 0:00:25]} Bd7 {[%emt 0:03:00]} 8. Qb3 {[%emt 0:00:06]} Qc7 {[%emt 0:00:05]} 9. e4 {[%emt 0:07:34]} Bg7 {[%emt 0:01:32]} 10. Bc4 {[%emt 0:00:06]} O-O {[%emt 0:01:33]} 11. O-O {[%emt 0:00:33]} Re8 {[%emt 0:03:38]} 12. e5 {[%emt 0:04:57]} Ng4 {[%emt 0:05:48]} 13. exd6 {[%emt 0:08:26]} Qc8 {[%emt 0:04:02]} 14. Bf4 {[%emt 0:01:24]} a6 {[%emt 0:02:57]} 15. a4 {[%emt 0:00:57]} Bf5 {[%emt 0:06:16]} 16. Rfe1 {[%emt 0:11:09]} Nf6 {[%emt 0:07:02]} 17. h3 {[%emt 0:05:06]} h6 {[%emt 0:12:55]} 18. Re7 {[%emt 0:13:44]} Nbd7 {[%emt 0:04:40]} 19. Nh4 {[%emt 0:01:47]} Bf8 {[%emt 0:05:53]} 20. Nxf5 {[%emt 0:01:37]} gxf5 {[%emt 0:00:02]} 21. Rae1 {[%emt 0:04:43]} Qd8 {[%emt 0:06:17]} 22. Rxe8 {[%emt 0:07:43]} Nxe8 {[%emt 0:00:22]} 23. Nd1 {[%emt 0:03:18]} Ndf6 {[%emt 0:06:37]} 24. Qg3+ {[%emt 0:06:31]} Kh8 {[%emt 0:01:52]} 25. Qh4 {[%emt 0:00:21]} Ne4 {[%emt 0:02:05]} 26. Qh5 {[%emt 0:00:28]} N8xd6 {[%emt 0:05:28]} 27. Bxh6 {[%emt 0:02:19]} Nf6 {[%emt 0:00:24]} 28. Qh4 {[%emt 0:00:16]} Nh7 {[%emt 0:00:07]} 29. Qxd8 {[%emt 0:01:57]} Rxd8 {[%emt 0:00:01]} 30. Bxf8 {[%emt 0:00:09]} Nxf8 {[%emt 0:00:36]} 31. Bb3 {[%emt 0:05:28]} b5 {[%emt 0:00:25]} 32. axb5 {[%emt 0:00:06]} axb5 {[%emt 0:00:04]} 33. Ne3 {[%emt 0:03:20]} c4 {[%emt 0:03:01]} 34. Bc2 {[%emt 0:00:10]} f4 {[%emt 0:00:04]} 35. Ng4 {[%emt 0:03:59]} Nd7 {[%emt 0:01:25]} 36. Ra1 {[%emt 0:01:56]} Kg7 {[%emt 0:04:37]} 37. Ra6 {[%emt 0:04:26]} Nc5 {[%emt 0:00:08]} 38. Rc6 {[%emt 0:00:21]} Nd3 {[%emt 0:00:34]} 39. Bxd3 {[%emt 0:02:28]} cxd3 {[%emt 0:00:01]} 40. Rc1 {[%emt 0:01:18]} Nc4 {[%emt 0:00:27]} 41. f3 {[%emt 0:06:30]} Rxd5 {[%emt 0:02:04]} 42. Nf2 {[%emt 0:00:48]} d2 {[%emt 0:00:11]} 0-1

[Event "XXXII Belgrade Trophy 2018"]
[Site "Belgrade"]
[Date "2018.11.30"]
[Round "7"]
[White "Uysal, Burak"]
[Black "Olcum, Ahmet"]
[Result "1-0"]
[WhiteElo "2215"]
[BlackElo "2326"]
[Annotator "ChessBase"]
[PlyCount "185"]
[EventDate "2018.11.24"]
[EventType "swiss"]
[EventCountry "SRB"]
[SourceTitle "playchess.com"]
[Source "ChessBase"]
[SourceQuality "1"]
[TimeControl "40/5400+30:900+30"]

1. e4 {[%emt 0:00:00]} g6 {[%emt 0:05:04]} 2. d4 {[%emt 0:00:00]} Bg7 {[%emt 0:00:02]} 3. Nf3 {[%emt 0:00:01]} c6 {[%emt 0:00:02]} 4. h3 {[%emt 0:00:29]} d6 {[%emt 0:00:04]} 5. Bc4 {[%emt 0:00:31]} d5 {[%emt 0:00:05]} 6. exd5 {[%emt 0:03:47]} cxd5 {[%emt 0:00:02]} 7. Bd3 {[%emt 0:00:07]} Nc6 {[%emt 0:00:08]} 8. c3 {[%emt 0:01:12]} Qc7 {[%emt 0:00:04]} 9. O-O {[%emt 0:00:51]} Nf6 {[%emt 0:00:02]} 10. Re1 {[%emt 0:00:46]} O-O {[%emt 0:00:05]} 11. Nbd2 {[%emt 0:01:01]} Bf5 {[%emt 0:00:21]} 12. Bf1 {[%emt 0:03:53]} Rad8 {[%emt 0:06:33]} 13. Nb3 {[%emt 0:02:47]} Ne4 {[%emt 0:02:04]} 14. Nh4 {[%emt 0:02:45]} Bc8 {[%emt 0:03:13]} 15. Nd2 {[%emt 0:04:42]} f5 {[%emt 0:17:34]} 16. Nhf3 {[%emt 0:01:24]} Kh8 {[%emt 0:02:27]} 17. Bb5 {[%emt 0:08:04]} h6 {[%emt 0:04:19]} 18. Bxc6 {[%emt 0:06:48]} bxc6 {[%emt 0:08:00]} 19. Ne5 {[%emt 0:00:11]} Bxe5 {[%emt 0:00:41]} 20. dxe5 {[%emt 0:00:05]} f4 {[%emt 0:02:39]} 21. Qe2 {[%emt 0:19:27]} g5 {[%emt 0:12:41]} 22. Nxe4 {[%emt 0:05:32]} dxe4 {[%emt 0:00:02]} 23. e6 {[%emt 0:00:18]} e3 {[%emt 0:03:38]} 24. Qf3 {[%emt 0:06:45]} exf2+ {[%emt 0:05:17]} 25. Qxf2 {[%emt 0:00:06]} Rd3 {[%emt 0:03:11]} 26. Be3 {[%emt 0:02:33]} c5 {[%emt 0:12:00]} 27. Bxc5 {[%emt 0:06:44]} f3 {[%emt 0:01:31]} 28. Bd4+ {[%emt 0:01:49]} Kg8 {[%emt 0:00:15]} 29. Re5 {[%emt 0:01:59]} Bb7 {[%emt 0:05:41]} 30. Rf1 {[%emt 0:10:50]} Rf4 {[%emt 0:02:06]} 31. g3 {[%emt 0:01:48]} Re4 {[%emt 0:00:42]} 32. Re1 {[%emt 0:04:00]} Rxe1+ {[%emt 0:00:05]} 33. Qxe1 {[%emt 0:01:10]} f2+ {[%emt 0:00:45]} 34. Qxf2 {[%emt 0:02:23]} Rf3 {[%emt 0:02:09]} 35. Qc2 {[%emt 0:00:49]} Rxg3+ {[%emt 0:00:52]} 36. Kf1 {[%emt 0:00:04]} Ba6+ {[%emt 0:02:40]} 37. Kf2 {[%emt 0:00:32]} Rd3 {[%emt 0:00:50]} 38. Qa4 {[%emt 0:00:42]} Qc8 {[%emt 0:00:33]} 39. Rf5 {[%emt 0:00:40]} Qb8 {[%emt 0:00:10]} 40. Re5 {[%emt 0:01:26]} Qf8+ {[%emt 0:00:36]} 41. Ke1 {[%emt 0:15:21]} Bb7 {[%emt 0:15:42]} 42. Qb5 {[%emt 0:00:43]} Rxh3 {[%emt 0:00:30]} 43. Qxb7 {[%emt 0:00:00]} Qf4 {[%emt 0:00:00]} 44. Qa8+ {[%emt 0:00:00]} Kh7 {[%emt 0:00:00]} 45. Qe4+ {[%emt 0:00:00]} Qxe4+ {[%emt 0:00:00]} 46. Rxe4 {[%emt 0:00:00]} Rh1+ {[%emt 0:00:00]} 47. Kd2 {[%emt 0:00:00]} h5 {[%emt 0:00:00]} 48. c4 {[%emt 0:00:00]} h4 {[%emt 0:00:00]} 49. Bf6 {[%emt 0:00:00]} Kg6 {[%emt 0:00:00]} 50. Bxe7 {[%emt 0:00:00]} h3 {[%emt 0:00:00]} 51. Bd6 {[%emt 0:00:00]} h2 {[%emt 0:00:00]} 52. Bxh2 {[%emt 0:00:00]} Rxh2+ {[%emt 0:00:00]} 53. Re2 {[%emt 0:00:11]} Rh8 {[%emt 0:00:00]} 54. Ke3 {[%emt 0:00:43]} Kf6 {[%emt 0:00:00]} 55. Kf3 {[%emt 0:00:42]} Ke7 {[%emt 0:00:51]} 56. Kg4 {[%emt 0:01:28]} Rh4+ {[%emt 0:00:23]} 57. Kxg5 {[%emt 0:00:03]} Rxc4 {[%emt 0:00:05]} 58. Kf5 {[%emt 0:00:43]} Rc5+ {[%emt 0:00:50]} 59. Kf4 {[%emt 0:00:05]} Rc6 {[%emt 0:00:24]} 60. Kf3 {[%emt 0:00:12]} a5 {[%emt 0:03:36]} 61. b3 {[%emt 0:01:44]} a4 {[%emt 0:02:00]} 62. Re4 {[%emt 0:01:27]} axb3 {[%emt 0:00:26]} 63. axb3 {[%emt 0:00:04]} Rb6 {[%emt 0:01:11]} 64. Re3 {[%emt 0:00:04]} Rb4 {[%emt 0:00:37]} 65. Ke2 {[%emt 0:01:20]} Rd4 {[%emt 0:00:13]} 66. Rd3 {[%emt 0:01:13]} Re4+ {[%emt 0:00:22]} 67. Re3 {[%emt 0:00:22]} Rd4 {[%emt 0:00:06]} 68. Rd3 {[%emt 0:01:41]} Re4+ {[%emt 0:00:04]} 69. Kd2 {[%emt 0:00:03]} Kxe6 {[%emt 0:01:49]} 70. Kc3 {[%emt 0:00:13]} Re5 {[%emt 0:00:57]} 71. Kb4 {[%emt 0:00:25]} Re4+ {[%emt 0:00:33]} 72. Ka5 {[%emt 0:00:10]} Re1 {[%emt 0:00:24]} 73. b4 {[%emt 0:00:43]} Rb1 {[%emt 0:00:10]} 74. b5 {[%emt 0:00:13]} Ra1+ {[%emt 0:00:39]} 75. Kb6 {[%emt 0:00:05]} Ke7 {[%emt 0:00:27]} 76. Kb7 {[%emt 0:00:47]} Rb1 {[%emt 0:00:17]} 77. b6 {[%emt 0:00:53]} Rb2 {[%emt 0:00:02]} 78. Rd1 {[%emt 0:00:44]} Rb3 {[%emt 0:00:17]} 79. Rd5 {[%emt 0:01:37]} Ke6 {[%emt 0:00:23]} 80. Rd4 {[%emt 0:00:08]} Ke5 {[%emt 0:01:37]} 81. Rd8 {[%emt 0:00:48]} Ke6 {[%emt 0:00:36]} 82. Rd2 {[%emt 0:00:48]} Rb1 {[%emt 0:00:03]} 83. Kc7 {[%emt 0:00:53]} Rc1+ {[%emt 0:00:02]} 84. Kb8 {[%emt 0:00:05]} Rb1 {[%emt 0:00:11]} 85. Ka7 {[%emt 0:00:55]} Ra1+ {[%emt 0:00:02]} 86. Kb8 {[%emt 0:00:05]} Rb1 {[%emt 0:00:03]} 87. b7 {[%emt 0:00:22]} Ra1 {[%emt 0:00:02]} 88. Rd4 {[%emt 0:00:20]} Ke5 {[%emt 0:01:06]} 89. Rc4 {[%emt 0:00:36]} Kd5 {[%emt 0:00:55]} 90. Rc2 {[%emt 0:00:14]} Rh1 {[%emt 0:01:30]} 91. Kc7 {[%emt 0:00:11]} Rh7+ {[%emt 0:00:04]} 92. Kb6 {[%emt 0:00:09]} Rh6+ {[%emt 0:00:05]} 93. Ka7 {[%emt 0:00:21]} 1-0

[Event "XXXII Belgrade Trophy 2018"]
[Site "Belgrade"]
[Date "2018.11.30"]
[Round "7"]
[White "Cetkovic, Miodrag"]
[Black "Galiot, Goran"]
[Result "1-0"]
[WhiteElo "2189"]
[BlackElo "2305"]
[Annotator "RC"]
[PlyCount "63"]
[EventDate "2018.11.24"]
[EventType "swiss"]
[EventCountry "SRB"]
[SourceTitle "playchess.com"]
[Source "ChessBase"]
[SourceQuality "1"]
[TimeControl "40/5400+30:900+30"]

1. e4 {[%emt 0:00:00]} c5 {[%emt 0:03:13]} 2. Nf3 {[%emt 0:00:00]} e6 {[%emt 0:00:21]} 3. d4 {[%emt 0:00:15]} cxd4 {[%emt 0:00:07]} 4. Nxd4 {[%emt 0:00:09]} Nf6 {[%emt 0:00:07]} 5. Nc3 {[%emt 0:00:23]} Nc6 {[%emt 0:00:07]} 6. Be2 {[%emt 0:01:56]} Bb4 {[%emt 0:00:41]} 7. O-O {[%emt 0:01:33]} O-O {[%emt 0:01:02]} 8. Nxc6 {[%emt 0:07:00]} bxc6 {[%emt 0:03:24]} 9. e5 {[%emt 0:00:58]} Nd5 {[%emt 0:01:03]} 10. Nxd5 {[%emt 0:04:27]} cxd5 {[%emt 0:01:52]} 11. Be3 {[%emt 0:10:14]} Qc7 {[%emt 0:06:03]} 12. c3 {[%emt 0:01:46]} Be7 {[%emt 0:04:39]} 13. Bd4 {[%emt 0:00:47]} f6 {[%emt 0:01:49]} 14. f4 {[%emt 0:00:55]} fxe5 {[%emt 0:07:31]} 15. fxe5 {[%emt 0:03:18]} Rxf1+ {[%emt 0:00:34]} 16. Bxf1 {[%emt 0:01:13]} Qc6 {[%emt 0:07:59]} 17. a4 {[%emt 0:07:06]} Ba6 {[%emt 0:05:35]} 18. b4 {[%emt 0:00:46]} Bxf1 {[%emt 0:01:55]} 19. Qxf1 {[%emt 0:00:52]} a6 {[%emt 0:00:15]} 20. Qe2 {[%emt 0:01:10]} Rb8 {[%emt 0:05:04]} 21. h3 {[%emt 0:04:45]} Ra8 {[%emt 0:01:45]} 22. Kh1 {[%emt 0:02:00]} Rb8 {[%emt 0:00:23]} 23. g3 {[%emt 0:00:38]} Ra8 {[%emt 0:00:41]} 24. Kh2 {[%emt 0:00:28]} Rb8 {[%emt 0:00:08]} 25. h4 {[%emt 0:00:27]} Rb7 {[%emt 0:04:39]} 26. Kh3 {[%emt 0:03:27]} Rb8 {[%emt 0:00:13]} 27. g4 {[%emt 0:04:40]} Rb7 {[%emt 0:06:12]} 28. g5 {[%emt 0:01:14]} Rb8 {[%emt 0:00:19]} 29. Kg4 {[%emt 0:00:35]} Bxb4 {[%emt 0:02:08]} 30. Rb1 {[%emt 0:04:47]} Bd6 {[%emt 0:01:00]} 31. exd6 {[%emt 0:00:36]} Qxd6 {[%emt 0:05:18]} 32. Be5 {[%emt 0:03:39]} 1-0

[Event "XXXII Belgrade Trophy 2018"]
[Site "Belgrade"]
[Date "2018.11.30"]
[Round "7"]
[White "Maric, Dragan"]
[Black "Abramovic, Bosko"]
[Result "0-1"]
[WhiteElo "2174"]
[BlackElo "2372"]
[Annotator "RC"]
[PlyCount "126"]
[EventDate "2018.11.24"]
[EventType "swiss"]
[EventCountry "SRB"]
[SourceTitle "playchess.com"]
[Source "ChessBase"]
[SourceQuality "1"]
[TimeControl "40/5400+30:900+30"]

1. d4 {[%emt 0:00:00]} Nf6 {[%emt 0:01:17]} 2. Nf3 {[%emt 0:00:10]} e6 {[%emt 0:02:44]} 3. c4 {[%emt 0:00:15]} b6 {[%emt 0:00:24]} 4. Nc3 {[%emt 0:00:15]} Bb7 {[%emt 0:00:06]} 5. Bg5 {[%emt 0:00:28]} Be7 {[%emt 0:00:47]} 6. e3 {[%emt 0:00:15]} h6 {[%emt 0:00:32]} 7. Bh4 {[%emt 0:00:27]} Ne4 {[%emt 0:02:17]} 8. Bxe7 {[%emt 0:00:20]} Qxe7 {[%emt 0:00:06]} 9. Bd3 {[%emt 0:00:10]} Nxc3 {[%emt 0:00:28]} 10. bxc3 {[%emt 0:00:09]} d6 {[%emt 0:00:14]} 11. e4 {[%emt 0:00:34]} Nd7 {[%emt 0:00:34]} 12. O-O {[%emt 0:00:17]} e5 {[%emt 0:01:33]} 13. Re1 {[%emt 0:00:26]} O-O {[%emt 0:00:30]} 14. Rb1 {[%emt 0:03:39]} Rfe8 {[%emt 0:02:53]} 15. Nd2 {[%emt 0:01:57]} Nf8 {[%emt 0:05:16]} 16. Nf1 {[%emt 0:03:24]} Ne6 {[%emt 0:04:07]} 17. Bc2 {[%emt 0:00:48]} Qf6 {[%emt 0:00:47]} 18. d5 {[%emt 0:01:22]} Nc5 {[%emt 0:00:41]} 19. Re3 {[%emt 0:01:03]} Bc8 {[%emt 0:00:35]} 20. Rg3 {[%emt 0:02:44]} Bd7 {[%emt 0:01:50]} 21. Ne3 {[%emt 0:00:18]} g6 {[%emt 0:03:40]} 22. Ng4 {[%emt 0:08:36]} Qf4 {[%emt 0:01:18]} 23. Qf3 {[%emt 0:02:42]} Qxf3 {[%emt 0:06:14]} 24. gxf3 {[%emt 0:00:22]} Kg7 {[%emt 0:00:05]} 25. Ne3 {[%emt 0:02:03]} h5 {[%emt 0:01:22]} 26. h4 {[%emt 0:00:17]} Kf6 {[%emt 0:00:30]} 27. Kf1 {[%emt 0:00:39]} a6 {[%emt 0:01:20]} 28. Ke2 {[%emt 0:00:24]} b5 {[%emt 0:00:26]} 29. Kd2 {[%emt 0:00:15]} Reb8 {[%emt 0:00:16]} 30. Rgg1 {[%emt 0:00:51]} Rb7 {[%emt 0:00:45]} 31. Rb2 {[%emt 0:00:47]} Rab8 {[%emt 0:00:12]} 32. Rgb1 {[%emt 0:00:12]} bxc4 {[%emt 0:01:40]} 33. Rxb7 {[%emt 0:00:45]} Rxb7 {[%emt 0:00:04]} 34. Rxb7 {[%emt 0:01:36]} Nxb7 {[%emt 0:01:25]} 35. Nxc4 {[%emt 0:00:06]} g5 {[%emt 0:00:10]} 36. Ke3 {[%emt 0:04:26]} gxh4 {[%emt 0:05:33]} 37. f4 {[%emt 0:00:35]} h3 {[%emt 0:00:10]} 38. fxe5+ {[%emt 0:00:08]} dxe5 {[%emt 0:00:19]} 39. Kf3 {[%emt 0:00:26]} h4 {[%emt 0:00:19]} 40. Ne3 {[%emt 0:00:28]} Nc5 {[%emt 0:03:53]} 41. Nf1 {[%emt 0:16:00]} c6 {[%emt 0:18:15]} 42. c4 {[%emt 0:01:32]} cxd5 {[%emt 0:00:06]} 43. cxd5 {[%emt 0:00:14]} Kg5 {[%emt 0:00:26]} 44. Nh2 {[%emt 0:00:37]} f5 {[%emt 0:02:18]} 45. Ke3 {[%emt 0:02:14]} fxe4 {[%emt 0:04:31]} 46. Bxe4 {[%emt 0:00:18]} Nxe4 {[%emt 0:02:31]} 47. Kxe4 {[%emt 0:00:17]} Kf6 {[%emt 0:00:05]} 48. f4 {[%emt 0:01:02]} Bf5+ {[%emt 0:00:05]} 49. Ke3 {[%emt 0:00:07]} e4 {[%emt 0:00:27]} 50. a3 {[%emt 0:00:45]} Ke7 {[%emt 0:00:18]} 51. Kd4 {[%emt 0:00:10]} Kd6 {[%emt 0:00:11]} 52. Nf1 {[%emt 0:00:26]} Bg6 {[%emt 0:02:15]} 53. Nh2 {[%emt 0:00:08]} e3 {[%emt 0:00:56]} 54. Kxe3 {[%emt 0:00:07]} Kxd5 {[%emt 0:00:04]} 55. Kf3 {[%emt 0:01:10]} Bf5 {[%emt 0:00:14]} 56. Nf1 {[%emt 0:00:40]} Kd4 {[%emt 0:00:13]} 57. Nh2 {[%emt 0:00:33]} Kc3 {[%emt 0:00:39]} 58. Kf2 {[%emt 0:00:24]} Kb2 {[%emt 0:00:39]} 59. a4 {[%emt 0:00:15]} a5 {[%emt 0:00:41]} 60. Nf3 {[%emt 0:00:55]} Be4 {[%emt 0:00:17]} 61. Ke3 {[%emt 0:00:28]} Bc2 {[%emt 0:02:21]} 62. Kf2 {[%emt 0:00:28]} Bxa4 {[%emt 0:00:13]} 63. Nxh4 {[%emt 0:00:08]} Bb3 {[%emt 0:00:15]} 0-1

[Event "XXXII Belgrade Trophy 2018"]
[Site "Belgrade"]
[Date "2018.12.01"]
[Round "8"]
[White "Kadric, Denis"]
[Black "Antic, Dejan"]
[Result "1/2-1/2"]
[WhiteElo "2554"]
[BlackElo "2462"]
[Annotator "TA"]
[PlyCount "55"]
[EventDate "2018.11.24"]
[EventType "swiss"]
[EventCountry "SRB"]
[SourceTitle "playchess.com"]
[Source "ChessBase"]
[SourceQuality "1"]

{[%evp 14,55,10,0,0,0,1,0,20,11,9,11,11,7,8,7,9,8,4,4,4,3,5,5,12,8,10,7,6,0,16,18,117,110,106,106,131,50,60,59,50,8,9,9]} 1. e4 e5 2. Bc4 Nf6 3. d3 c6 4. Nf3 d5 5. Bb3 Bb4+ 6. Bd2 Bxd2+ 7. Nbxd2 a5 {C24: Bishop's Opening: 2...Nf6} 8. a4 {LiveBook: 3 Games} (8. a3 Nbd7 9. O-O a4 10. Ba2 O-O 11. Re1 Re8 12. d4 exd4 13. exd5 Rxe1+ 14. Qxe1 cxd5 15. Rb1 {0-1 (64) Aronian,L (2764)-Caruana,F (2816) Paris 2018}) 8... Bg4 9. h3 Bxf3 $1 10. Qxf3 $146 ({Predecessor:} 10. Nxf3 Qc7 11. O-O O-O 12. Re1 Nbd7 13. c3 Rfe8 14. Qd2 Rad8 15. Re3 {½-½ (40) Siegfried,W-Cofer,D (1765) ICCF email 2011}) 10... Na6 11. Qg3 {White wants to play exd5.} O-O 12. Qxe5 Re8 13. Qf5 Nc5 14. O-O Nxb3 15. Nxb3 dxe4 16. dxe4 Rxe4 17. Rfe1 Rxe1+ 18. Rxe1 h6 19. Qc5 b6 20. Qc3 Qd5 21. Qd4 Qxd4 22. Nxd4 $11 {[%mdl 4096] Endgame KRN-KRN} Rd8 (22... Kf8 $11) 23. Nxc6 $16 Rd2 24. Rc1 Ne4 {[#]} 25. Ne5 (25. Ne7+ $1 $16 Kf8 26. Nc8) 25... Rxf2 $14 26. Re1 Rf4 27. Nd7 {Hoping for g3.} Nf6 $1 {[%cal Rf6d7]} 28. Nxf6+ {Accuracy: White = 54%, Black = 63%.} 1/2-1/2

[Event "XXXII Belgrade Trophy 2018"]
[Site "Belgrade"]
[Date "2018.12.01"]
[Round "8"]
[White "Petrov, Marian"]
[Black "Graovac, Vidak Balsa"]
[Result "1/2-1/2"]
[WhiteElo "2488"]
[BlackElo "2155"]
[Annotator "RC"]
[PlyCount "51"]
[EventDate "2018.11.24"]
[EventType "swiss"]
[EventCountry "SRB"]
[SourceTitle "playchess.com"]
[Source "ChessBase"]
[SourceQuality "1"]
[TimeControl "40/5400+30:900+30"]

1. e4 {[%emt 0:00:00]} e6 {[%emt 0:00:00]} 2. d4 {[%emt 0:00:54]} d5 {[%emt 0:00:00]} 3. e5 {[%emt 0:00:05]} c5 {[%emt 0:00:00]} 4. c3 {[%emt 0:00:06]} Qb6 {[%emt 0:00:00]} 5. Nf3 {[%emt 0:00:06]} Bd7 {[%emt 0:00:12]} 6. Be2 {[%emt 0:00:08]} cxd4 {[%emt 0:00:05]} 7. cxd4 {[%emt 0:00:06]} Bb5 {[%emt 0:00:07]} 8. Nc3 {[%emt 0:00:31]} Bxe2 {[%emt 0:01:00]} 9. Nxe2 {[%emt 0:00:07]} Ne7 {[%emt 0:05:40]} 10. O-O {[%emt 0:00:25]} Nec6 {[%emt 0:03:19]} 11. Ng3 {[%emt 0:00:11]} h6 {[%emt 0:03:34]} 12. Be3 {[%emt 0:01:53]} Nd7 {[%emt 0:01:13]} 13. Rb1 {[%emt 0:00:52]} Qa6 {[%emt 0:02:43]} 14. a3 {[%emt 0:02:30]} Na5 {[%emt 0:03:56]} 15. Nd2 {[%emt 0:01:08]} Be7 {[%emt 0:09:15]} 16. b4 {[%emt 0:12:35]} Nc4 {[%emt 0:00:32]} 17. Nxc4 {[%emt 0:00:13]} Qxc4 {[%emt 0:03:40]} 18. f4 {[%emt 0:03:25]} g6 {[%emt 0:01:45]} 19. Qf3 {[%emt 0:01:45]} Qa6 {[%emt 0:03:30]} 20. b5 {[%emt 0:06:33]} Qxa3 {[%emt 0:00:52]} 21. Ra1 {[%emt 0:09:01]} Qd3 {[%emt 0:00:52]} 22. Rfd1 {[%emt 0:00:23]} Qxb5 {[%emt 0:02:07]} 23. Rdb1 {[%emt 0:00:08]} Qc6 {[%emt 0:00:24]} 24. Rc1 {[%emt 0:00:06]} Qb5 {[%emt 0:01:28]} 25. Rab1 {[%emt 0:00:05]} Qa6 {[%emt 0:00:08]} 26. Ra1 {[%emt 0:06:28]} 1/2-1/2